000 00696cam a22002293a 4500
001 22425
003 PGUSA
005 20140828083457.0
008 070829s2007||||xxu|||||s|||||000 | eng d
040 _aPGUSA
_beng
042 _adc
050 4 _aLB
100 1 _aKelley, Truman Lee,
_d1884-1961
245 1 0 _aStanford Achievement Test, Ed. 1922 :
_bAdvanced Examination, Form A, for Grades 4-8
_h[electronic resource] /
_cTruman Lee Kelley
260 _bProject Gutenberg,
_c2007
506 _aPublic domain in the USA.
516 _aElectronic text
653 _aPsychological tests
830 0 _aProject Gutenberg
_v22425
856 4 0 _uhttp://www.gutenberg.org/ebooks/22425
942 _cEB
999 _c251680
_d251680